000 00634nam a2200229 i 4500
001 C2-0168643
003 PPAK
005 20180728091148.0
008 980718s1990 ne a|||| ||||| | eng d
020 _a0705409821
040 _aPPAK
_beng
_cPPAK
_erda
082 0 4 _a909
_2 23
090 0 0 _a909
_bEUR
_dR
245 0 4 _aThe Europe emergence :
_bAD 1500-1600
264 1 _aAmsterdam :
_bTime-Life Books ,
_c1990
300 _a176 pages :
_bcolour illustrations ;
_c28 cm
336 _2rdacontent
_atext
337 _2rdamedia
_aunmediated
338 _2rdacarrier
_avolume
650 1 0 _aEurope History 1492-1648
942 _ddc
_cB
999 _c152777
_d152777